000 00738nam a2200193Ii 4500
003 JO-AjNU
008 230606s9999||||xx |||||||||||||| ||und||
040 _aJO-AjNU
_beng
_erda
_cJO-AjNU
041 _aeng
050 1 4 _aHD2741.1983
100 3 _aSigler,Anderw C/Ira M.Millstein/G. Wallace Bates,
_eauthor
_92874
245 0 0 _aStatement of the Business Roundtable on the American Law Institute's Proposed "Principles of Corporate Governance and Structure:Restatement and Recommendations"
264 3 1 _athe American Law Institute's Proposed,1983
300 _a141p
336 _atext
_btxt
_2rdacontent
337 _aunmediated
_bn
_2rdamedia
338 _avolume
_bnc
_2rdacarrier
650 4 _a Corporate Governance and Structure
_92875
999 _aE1506
_c1506
_d1506